[Event "17th Belgrade Trophy"]
[Site "Obrenovac SCG"]
[Date "2004.11.30"]
[Round "9"]
[White "Popovic,Du"]
[Black "Todorovic,J"]
[Result "1/2-1/2"]
[WhiteElo "2447"]
[BlackElo "2408"]

1.e4 e6 2.d4 d5 3.Nd2 Nc6 4.Ngf3 Nf6 5.e5 Nd7 6.Be2 f6 7.exf6 Qxf6 8.Nf1 Bd6
9.Ne3 O-O 10.O-O Qg6 11.g3 Nf6 12.Nh4 Qe8 13.f4 Ne7 14.Bd3 c5 15.c3 b6 16.Qe2 Ne4
17.Ng4 Bb7 18.Nf2 Nf5 19.Nxe4 dxe4 20.Bb5 Qe7 21.Nxf5 exf5 22.Be3 Kh8 23.dxc5 Bxc5
24.Rad1 Rad8 25.Qf2 Qe6 26.b3 a6 27.Be2 Rd3 28.Bxc5 e3 29.Bxe3 Rxe3 30.Bc4 Qe4
31.Bd5 Bxd5 32.Rxd5 Rxg3+ 33.hxg3 Qxd5 34.c4 Qd6 35.Qf3 h6 36.Qd5 Qg6 37.Kg2 Re8
38.Rf3 Qf6 39.Qd3 Re4 40.Re3 Qb2+ 41.Kf3 Qa1 42.Rxe4 Qh1+ 43.Ke3 Qg1+ 44.Kf3 Qh1+
45.Ke3  1/2-1/2

[Event "Extraliga CZE 2004-5"]
[Site "Czech Rep CZE"]
[Date "2004.12.04"]
[Round "3"]
[White "Manik,M"]
[Black "Hausner,I"]
[Result "1-0"]
[WhiteElo "2510"]
[BlackElo "2402"]

1.e4 e6 2.d4 d5 3.Nd2 Be7 4.e5 c5 5.Qg4 Kf8 6.dxc5 Nc6 7.Ngf3 f6 8.Qg3 Nh6
9.Bd3 Nf7 10.exf6 Bxf6 11.c4 Nb4 12.Bb1 dxc4 13.Nxc4 Nd3+ 14.Bxd3 Qxd3 15.Nfd2 Qd5
16.O-O Qxc5 17.b3 Qg5 18.Ba3+ Kg8 19.Ne4 Qxg3 20.Nxf6+ gxf6 21.fxg3 Kg7 22.Rf2 h5
23.Raf1 Rh6 24.Bb2 e5 25.Nxe5 Nxe5 26.Rxf6 Rxf6 27.Bxe5 Bg4 28.Rxf6 Re8 29.Bd4 Kg8
30.h3 Bd7 31.Rg6+ Kf8 32.Rh6 Re2 33.a4 Bc6 34.Bf2 Be8 35.Bxa7 Re1+ 36.Kf2 Rb1
37.Rh8+ Ke7 38.Bc5+ Kd7 39.b4 Rb2+ 40.Kf3 Bf7 41.Rh7 Ke6 42.a5 Rb1 43.g4  1-0

[Event "ch-IND"]
[Site "Visakhapatnam IND"]
[Date "2004.12.06"]
[Round "3"]
[White "Deepan,C"]
[Black "Ganguly,S"]
[Result "0-1"]
[WhiteElo "2396"]
[BlackElo "2559"]

1.e4 e6 2.d4 d5 3.Nd2 Be7 4.Ngf3 Nf6 5.e5 Nfd7 6.Bd3 c5 7.c3 Nc6 8.O-O g5
9.dxc5 Ndxe5 10.Nxe5 Nxe5 11.Nf3 Nxf3+ 12.Qxf3 Bd7 13.Be3 Qc7 14.Rfe1 Rf8
15.Bd4 O-O-O 16.Be5 Qc6 17.b4 f6 18.b5 Qxc5 19.Bd4 Qa3 20.Reb1 Kb8 21.Rb3 Qd6
22.Qd1 e5 23.Be3 f5 24.Rb4 f4 25.Bxa7+ Kxa7 26.b6+ Kb8 27.Qb3 Qc5 28.Rb1  0-1

[Event "UTD GM"]
[Site "Dallas USA"]
[Date "2004.12.07"]
[Round "1"]
[White "Mahesh Chandran,P"]
[Black "Vavrak,P"]
[Result "1-0"]
[WhiteElo "2482"]
[BlackElo "2388"]

1.e4 e6 2.d4 d5 3.Nd2 Be7 4.Bd3 c5 5.dxc5 Nf6 6.Qe2 O-O 7.Ngf3 a5 8.O-O Na6
9.exd5 Qxd5 10.Nc4 Bxc5 11.c3 Ba7 12.Rd1 Qh5 13.Nfe5 Qxe2 14.Bxe2 Nc5 15.Be3 Nd5
16.Bxc5 Bxc5 17.Bf3 b6 18.Nd3 Bb7 19.Nxc5 bxc5 20.Ne5 Ra7 21.Nd7 Rc8 22.c4 Nf4
23.Nb6 Rb8 24.Rd7 Ra6 25.Nc8  1-0

[Event "Region Champ"]
[Site "Voronezh RUS"]
[Date "2004.12.09"]
[Round "7"]
[White "Rodin,D"]
[Black "Chuprikov,D"]
[Result "1/2-1/2"]
[WhiteElo "2421"]
[BlackElo "2396"]

1.e4 e6 2.d4 d5 3.Nd2 a6 4.Ngf3 c5 5.exd5 exd5 6.Be2 c4 7.O-O Bd6 8.b3 cxb3
9.axb3 Ne7 10.Re1 O-O 11.Nf1 Nbc6 12.Ng3 Ng6 13.c3 Be6 14.Bd3 Nf4 15.Bc2 Qf6
16.Bxf4 Qxf4 17.Qd3 g6 18.Re3 Qh6  1/2-1/2

[Event "FSIM December"]
[Site "Budapest HUN"]
[Date "2004.12.10"]
[Round "7"]
[White "Zaragatski,I"]
[Black "Fodor,T jr"]
[Result "1/2-1/2"]
[WhiteElo "2334"]
[BlackElo "2169"]

1.e4 e6 2.d4 d5 3.Nd2 Be7 4.Bd3 c5 5.dxc5 Bxc5 6.exd5 Qxd5 7.Ne4 Be7 8.Nf3 Nf6
9.Qe2 Nc6 10.O-O e5 11.Re1 Bg4 12.Nxf6+ Bxf6 13.Be4 Qe6 14.h3 Bxf3 15.Qxf3 O-O
16.Be3 Rfd8 17.c3 g6 18.Red1 Bg7 19.Bd5 Qe8 20.Rd2 Rac8 21.Rad1 Qe7 22.h4 h6
23.h5 g5 24.Qf5 Qc7 25.Bxc6 Rxd2 26.Rxd2 Qxc6 27.Rd7 Bf6 28.g3 Re8 29.Qd3 Re6
30.Qd5 Qxd5 31.Rxd5 a6 32.Kg2 Be7 33.g4 b5 34.Kf3 e4+ 35.Ke2 Bd6 36.Bd4 f6
37.b3 Kf7 38.c4 bxc4 39.bxc4 Ke7 40.a4 Bf4 41.Bc5+ Ke8 42.Bd4 Ke7 43.Bc5+ Ke8
44.Be3 Be5 45.Rd1 Rc6 46.c5 Ke7 47.Rb1 Bc7 48.Bd4 Ke6 49.Rd1 Bf4 50.f3 f5
51.Bg1 Bc7 52.Bf2  1/2-1/2

[Event "3rd Subasic Mem"]
[Site "Zenica BIH"]
[Date "2004.12.10"]
[Round "8"]
[White "Trkulja,G"]
[Black "Drasko,M"]
[Result "1/2-1/2"]
[WhiteElo "2312"]
[BlackElo "2486"]

1.e4 e6 2.d4 d5 3.Nd2 Be7 4.Bd3 c5 5.dxc5 Nf6 6.Qe2 Nc6 7.Ngf3 a5 8.O-O O-O
9.c4 Bxc5 10.e5 Nd7 11.cxd5 exd5 12.Nb3 Be7 13.h3 a4 14.Nbd4 Ndxe5 15.Nxe5 Nxd4
16.Qh5 f5 17.Be3 Nc6 18.Nf3 Qe8 19.Qxe8 Rxe8 20.Rad1 Bf6 21.Rd2 Be6 22.Ng5 Bd7
23.Nf3 Be6 24.Ng5 Bd7 25.Nf3 Be6  1/2-1/2

[Event "IX It"]
[Site "Elgoibar ESP"]
[Date "2004.12.11"]
[Round "1"]
[White "Gomez Esteban,J"]
[Black "Herraiz Hidalgo,H"]
[Result "1/2-1/2"]
[WhiteElo "2475"]
[BlackElo "2474"]

1.e4 e6 2.d4 d5 3.Nd2 Be7 4.Bd3 c5 5.dxc5 Nf6 6.Qe2 Nc6 7.Ngf3 O-O 8.c3 a5
9.O-O Nd7 10.Nb3 a4 11.exd5 exd5 12.Nbd4 Nxc5 13.Bc2 Re8 14.Nxc6 bxc6 15.Ne5 Bf6
16.Bxh7+ Kxh7 17.Qh5+ Kg8 18.Qxf7+ Kh7 19.Qg6+ Kg8 20.Qf7+ Kh7 21.Qh5+  1/2-1/2

[Event "III Pereyra Mem"]
[Site "Mendoza ARG"]
[Date "2004.12.12"]
[Round "4"]
[White "Needleman,G"]
[Black "Panno,O"]
[Result "0-1"]
[WhiteElo "2260"]
[BlackElo "2482"]

1.e4 e6 2.d4 d5 3.Nd2 Be7 4.Ngf3 Nf6 5.e5 Nfd7 6.Bd3 c5 7.c3 Nc6 8.O-O a5
9.Re1 cxd4 10.cxd4 Qb6 11.Nf1 Nxd4 12.Nxd4 Qxd4 13.Ng3 g6 14.Be3 Qh4 15.f4 O-O
16.Rc1 b6 17.Bb5 Bc5 18.Bxd7 Bxd7 19.Qd3 Rfc8 20.Ne2 Bb5 21.Qd2 Bxe2 22.Qxe2 d4
23.g3 Qh3 24.Bf2 d3 25.Qxd3 Bxf2+ 26.Kxf2 Qxh2+ 27.Kf3 Qxb2 28.Rxc8+ Rxc8
29.Qd7 Qc3+ 30.Kg4 Kg7 31.Rd1 h5+ 32.Kh3 Qf3 33.Qd3 Qg4+ 34.Kg2 h4 35.Rd2 b5  0-1

[Event "Open"]
[Site "Ashdod ISR"]
[Date "2004.12.13"]
[Round "6"]
[White "Erenburg,S"]
[Black "Porat,S"]
[Result "1-0"]
[WhiteElo "2537"]
[BlackElo "2421"]

1.e4 e6 2.d4 d5 3.Nd2 Be7 4.Ngf3 Nf6 5.e5 Nfd7 6.c3 c5 7.Be2 Nc6 8.O-O cxd4
9.cxd4 f6 10.exf6 Nxf6 11.Nb3 Bd6 12.Bg5 O-O 13.Bh4 Qe7 14.Bg3 Bxg3 15.hxg3 e5
16.dxe5 Nxe5 17.Nxe5 Qxe5 18.Qd2 Bf5 19.Rfe1 Bg6 20.Bf3 Qd6 21.Rad1 Rad8
22.g4 Qb6 23.Re7 Be4 24.Nd4 Rfe8 25.Rxe8+ Nxe8 26.Re1 h6 27.g5 hxg5 28.Qxg5 Qf6
29.Qxf6 Nxf6 30.Bd1 Bd3 31.Bb3 Bc4 32.Bc2 Re8 33.Rc1 Ne4 34.f3 Nd6 35.Bg6 Rc8
36.b3 Ba6 37.Re1 Kf8 38.Ne6+ Kg8 39.Re5 Rc1+ 40.Kh2 Rd1 41.Nf4 Kf8 42.Re6 Nf7
43.Bc2 Rd2 44.Ng6+ Kg8 45.Re8+ Kh7 46.Bf5 Bd3 47.Nf8+ Kh6 48.Re6+ Kg5 49.Bxd3 Rxd3
50.Re7 Kf6 51.Rxb7 Rd2 52.Rxa7 d4 53.Nh7+ Kg6 54.Nf8+ Kf6 55.Nd7+ Kf5 56.Kg3 Rc2
57.Ra5+ Ke6 58.Nc5+ Kd6 59.Ne4+ Kc6 60.Ra4 d3 61.Rd4 Ne5 62.f4 Ng6 63.Rd6+  1-0

[Event "IX It"]
[Site "Elgoibar ESP"]
[Date "2004.12.13"]
[Round "3"]
[White "Gonzalez de la Torre,S"]
[Black "Herraiz Hidalgo,H"]
[Result "0-1"]
[WhiteElo "2384"]
[BlackElo "2474"]

1.e4 e6 2.d4 d5 3.Nd2 Be7 4.Ngf3 Nf6 5.e5 Nfd7 6.Bd3 c5 7.c3 Nc6 8.O-O g5
9.h3 h5 10.Re1 cxd4 11.cxd4 g4 12.hxg4 hxg4 13.Nh2 g3 14.Nhf3 Nxd4 15.Nxd4 Bc5
16.Qg4 Qh4 17.Qxh4 Rxh4 18.N2f3 Rxd4 19.Nxd4 Bxd4 20.Be3 Bxb2 21.Rab1 gxf2+
22.Bxf2 Bxe5 23.Bb5 Bd6 24.Rec1 b6 25.Bc6 Rb8 26.Rb3 Ke7 27.Bh4+ f6 28.Rf3 Be5
29.Re1 Bd4+ 30.Kh2 Nf8 31.Bxd5 Bd7 32.Rf4 Bc3 33.Re3 Ng6 34.Rff3 Nxh4  0-1

[Event "FSIM December"]
[Site "Budapest HUN"]
[Date "2004.12.14"]
[Round "11"]
[White "Schneider,Ve"]
[Black "Fodor,T jr"]
[Result "1/2-1/2"]
[WhiteElo "2263"]
[BlackElo "2169"]

1.e4 e6 2.d4 d5 3.Nd2 Be7 4.Bd3 c5 5.dxc5 Nf6 6.Qe2 O-O 7.Ngf3 a5 8.O-O Na6
9.e5 Nd7 10.c3 Naxc5 11.Bc2 Qc7 12.Re1 b6 13.Nd4 Ba6 14.Qe3 Rfe8 15.Qh3 g6
16.f4 Bf8 17.Re3 Bg7 18.N2f3 Nf8 19.Bd2 b5 20.Qg3 Rab8 21.Qe1 Na4 22.b3 Nc5
23.Kh1 Qe7 24.Nc6 Qc7 25.Nxb8 Rxb8 26.Nd4 Qb6 27.Rc1 Nb7 28.Bb1 Nd8 29.Rh3 Qc7
30.c4 dxc4 31.bxc4 bxc4 32.Bxa5 Qc5 33.Bc3 Nc6 34.Nxc6 Qxc6 35.Qe4 Qc7 36.Bd4 Nd7
37.Rhc3 Nb6 38.Bxb6 Qxb6 39.Qe3 Qd8 40.Be4 Bf8 41.a3 Qa5 42.h3 Bc5 43.Qg3 Rd8
44.Kh2 Rd4 45.Qf3 Kg7 46.R1c2 h5 47.h4 Qd8 48.Kh3 Rd1 49.g3 Qd4 50.Rc1 Rxc1
51.Rxc1 Qb2 52.Qc3 Bxa3 53.Qxb2 Bxb2 54.Rd1 c3 55.Bc2 Be2 56.Rd7 Bc1 57.Rc7 Bd2
58.Kg2 Bg4 59.Kf2 Kf8 60.Ba4 Bf5 61.Ke2 Bg4+ 62.Kf2 Bf5 63.Rc8+ Kg7 64.Bb3 Kh7
65.Ke2 Kg7 66.Kf2 Kh7 67.Bc4 Kg7 68.Kg2 Be4+ 69.Kf2  1/2-1/2

[Event "UTD GM"]
[Site "Dallas USA"]
[Date "2004.12.14"]
[Round "8"]
[White "Mahesh Chandran,P"]
[Black "Ramirez,Al"]
[Result "1/2-1/2"]
[WhiteElo "2482"]
[BlackElo "2519"]

1.e4 e6 2.d4 d5 3.Nd2 Be7 4.Bd3 c5 5.dxc5 Nf6 6.Qe2 O-O 7.Ngf3 a5 8.O-O Na6
9.exd5 exd5 10.Bxa6 Rxa6 11.Nb3 a4 12.Nbd4 Bxc5 13.h3 Ne4 14.Be3 Re8 15.Qd3 Bd7
16.Kh1 Qc8 17.Ng1 a3 18.b3 Bb4 19.c4 dxc4 20.bxc4 Bc3 21.Rad1 Rd6 22.Nge2 Bb2
23.Bf4 Rf6 24.Kg1 Ba4 25.Rde1 Nc5 26.Qd2 Rd8 27.Be3 Rg6 28.Nf4 Rgd6 29.Nd5 Qd7
30.Nf5 Ne4 31.Qb4 Bc2 32.Bb6 Rxb6 33.Qxb6 Re8 34.Nfe7+ Kf8 35.Nb4 Bd4 36.Qb5 Qxb5
37.cxb5 Bc3 38.Nxc2 Bxe1 39.Rxe1 Rxe7 40.Re3 Nd6 41.Nxa3 Rc7 42.Kh2 Rc5 43.Rb3 Ke7
44.b6 Kd7 45.f3  1/2-1/2

[Event "Master Open"]
[Site "Singapore SIN"]
[Date "2004.12.14"]
[Round "5"]
[White "Satyapragyan,S"]
[Black "Goh Weiming"]
[Result "1/2-1/2"]
[WhiteElo "2370"]
[BlackElo "2353"]

1.e4 e6 2.d4 d5 3.Nd2 Be7 4.Bd3 c5 5.dxc5 Nf6 6.Qe2 Nc6 7.Ngf3 Nb4 8.O-O Nxd3
9.cxd3 O-O 10.Nb3 a5 11.Bg5 a4 12.Nbd4 Ra5 13.e5 Nd7 14.Bxe7 Qxe7 15.c6 Nc5
16.Qd2 Ra8 17.b4 axb3 18.axb3 Na6 19.Rfc1 bxc6 20.Nxc6 Qd7 21.Ra4 f6 22.exf6 gxf6
23.Rg4+ Kh8 24.Qh6 Qf7 25.Nh4 Rg8 26.Rf4 Qg7 27.Qxf6 Qxf6 28.Rxf6 Nc5 29.h3 Nxd3
30.Rc3 Ba6 31.Kh2 Rge8 32.Nd4 Rac8 33.Rxc8 Bxc8 34.Rf3 Ba6 35.Rf6 Bc8 36.Rf3 Ba6
37.Rf6 Bc8  1/2-1/2

[Event "ch-IND"]
[Site "Visakhapatnam IND"]
[Date "2004.12.17"]
[Round "18"]
[White "Roy Chowdhury,S"]
[Black "Ganguly,S"]
[Result "1/2-1/2"]
[WhiteElo "2376"]
[BlackElo "2559"]

1.e4 e6 2.d4 d5 3.Nd2 Be7 4.Ngf3 Nf6 5.Bd3 c5 6.exd5 exd5 7.dxc5 O-O 8.Nb3 Nbd7
9.Be3 a5 10.a4 Qc7 11.O-O Nxc5  1/2-1/2

[Event "XVII Torre Mem"]
[Site "Yucatan MEX"]
[Date "2004.12.18"]
[Round "7"]
[White "Garcia Martinez,S"]
[Black "Prasca,R"]
[Result "0-1"]
[WhiteElo "2374"]
[BlackElo "2396"]

1.e4 e6 2.d4 d5 3.Nd2 Be7 4.Ngf3 Nf6 5.Bd3 c5 6.dxc5 dxe4 7.Nxe4 Nxe4 8.Bxe4 Qxd1+
9.Kxd1 Bxc5 10.Ke2 Nd7 11.c3 O-O 12.b4 Bb6 13.Bd2 Nf6 14.Bc2 e5 15.h3 e4
16.Ne5 Bc7 17.Nc4 Be6 18.Bb3 Nd5 19.Rhg1 Rac8 20.Kf1 Bb8 21.Rc1 Nf4 22.Bxf4 Bxc4+  0-1

[Event "Harmonie"]
[Site "Groningen NED"]
[Date "2004.12.21"]
[Round "1"]
[White "Jones,G"]
[Black "Visser,Y"]
[Result "0-1"]
[WhiteElo "2447"]
[BlackElo "2451"]

1.e4 e6 2.d4 d5 3.Nd2 Nc6 4.Ngf3 Nf6 5.e5 Nd7 6.c3 f6 7.Nh4 g6 8.Qg4 Bg7
9.Qxe6+ Ne7 10.exf6 Nxf6 11.Qe2 O-O 12.Qd1 Ng4 13.Nhf3 Nf5 14.Nb3 Nh4 15.h3 Nxf3+
16.gxf3 Qh4 17.Qe2 Bd7 18.fxg4 Rae8 19.Be3 Bh6 20.Kd1 Bxe3 21.fxe3 Rf2 22.Qd3 Qg3
23.e4 Rf3 24.Qd2 Rxe4 25.Be2 Rf2 26.Nc1 Bb5 27.Re1 Qxh3 28.a4 Bxe2+ 29.Nxe2 Re3
30.Kc1 Qf3 31.Ng1 Rxe1+ 32.Qxe1 Qf4+ 33.Kb1 Rf1 34.Ka2 Rxe1 35.Rxe1 Qxg4  0-1

[Event "21st Open"]
[Site "Boeblinger GER"]
[Date "2004.12.26"]
[Round "1"]
[White "Meinecke,K"]
[Black "Berger,Stev"]
[Result "0-1"]
[WhiteElo "1904"]
[BlackElo "2373"]

1.e4 e6 2.d4 d5 3.Nd2 Be7 4.Be2 Nf6 5.e5 Nfd7 6.f4 c5 7.c3 Nc6 8.Ngf3 cxd4
9.cxd4 Qb6 10.Nb1 f6 11.Nc3 fxe5 12.fxe5 O-O 13.Na4 Bb4+ 14.Bd2 Qa5 15.Nc3 Rxf3
16.Bxf3 Qb6 17.a3 Be7 18.Nxd5 exd5 19.Bxd5+ Kh8 20.Bc3 Nf8 21.Qd3 Ne6 22.Bxe6 Bxe6
23.d5 Bxd5 24.Qxd5 Qe3+ 25.Kd1 Rd8 26.Qxd8+ Bxd8 27.Re1 Qd3+ 28.Kc1 Bg5+  0-1

[Event "XIV It"]
[Site "Pamplona ESP"]
[Date "2004.12.26"]
[Round "4"]
[White "Naiditsch,A"]
[Black "De la Riva Aguado,O"]
[Result "0-1"]
[WhiteElo "2611"]
[BlackElo "2528"]

1.e4 e6 2.d4 d5 3.Nd2 Be7 4.Bd3 c5 5.dxc5 Nf6 6.Qe2 O-O 7.Ngf3 a5 8.O-O Na6
9.exd5 exd5 10.Re1 Re8 11.Nb3 Nxc5 12.Bb5 Bd7 13.Be3 a4 14.Bxd7 Qxd7 15.Bxc5 axb3
16.Bxe7 Rxa2 17.Rac1 Ra4 18.Qe5 Re4 19.Bxf6 Rxe1+ 20.Nxe1 Rxe5 21.Bxe5 f6
22.Bc3 d4 23.Bd2 bxc2 24.Nxc2 Qd5 25.Ne1 Qb3 26.Rc2 g5 27.h3 Kg7 28.Rc7+ Kg6
29.Nf3 Qxb2 30.Rd7 Qb1+ 31.Kh2 Qf1 32.Be1 h5 33.Rxd4 Kf7 34.Rd7+ Ke8 35.Rd4 Kf7
36.g4 hxg4 37.hxg4 Qb5 38.Kg3 Qc6 39.Bb4 Qc7+ 40.Kg2 Qc6 41.Rd6 Qe4 42.Rd7+ Kg6
43.Rd4 Qc6 44.Kg3 Qc7+ 45.Rd6 Kf7 46.Nd4 Qc1 47.Rd7+ Kg8 48.Rd8+ Kh7 49.Rd7+ Kg8
50.Kg2 Qb1 51.Bd2 Qd1 52.Nf3 Qa4 53.Rd4 Qc6 54.Be3 Kf7 55.Rb4 b5 56.Rb1 Qe4
57.Rxb5 Qxg4+ 58.Kh2 Qxf3 59.Rb4 Kg6 60.Kg1 f5 61.Rb6+ Kh5 62.Kh2 Kg4  0-1

[Event "13th Donau Open"]
[Site "Aschach AUT"]
[Date "2004.12.27"]
[Round "2"]
[White "Mittermayr,G"]
[Black "Cifka,S"]
[Result "1/2-1/2"]
[WhiteElo "2147"]
[BlackElo "2310"]

1.e4 e6 2.d4 d5 3.Nd2 Nc6 4.c3 e5 5.exd5 Qxd5 6.Ngf3 exd4 7.Bc4 Qh5 8.O-O Bg4
9.Qb3 Na5 10.Bxf7+ Qxf7 11.Qb5+ c6  1/2-1/2

[Event "BC Masters"]
[Site "Bois Colombes FRA"]
[Date "2004.12.27"]
[Round "7"]
[White "Abergel,T"]
[Black "Pietrasanta,J"]
[Result "1-0"]
[WhiteElo "2428"]
[BlackElo "2242"]

1.e4 e6 2.d4 d5 3.Nd2 Nc6 4.Ngf3 Nf6 5.e5 Nd7 6.c3 f6 7.exf6 Qxf6 8.Bd3 Bd6
9.O-O O-O 10.Qc2 h6 11.Qb3 Nb6 12.a4 a5 13.Re1 Kh8 14.Bb5 Bd7 15.Nf1 Rac8
16.Be3 Qg6 17.Ng3 Rxf3 18.gxf3 h5 19.Qd1 h4 20.Bd3 Qf7 21.Nf1 e5 22.Nd2 Rf8
23.Bb1 Bf5 24.b3 Nd7 25.Kh1 Qe6 26.Rg1 e4 27.fxe4 dxe4 28.Qh5+ Bh7 29.Nxe4 Rf5
30.Qxh7+  1-0

[Event "1st IM"]
[Site "Mataro ESP"]
[Date "2004.12.27"]
[Round "2"]
[White "Rios,Al"]
[Black "Mela,B"]
[Result "1/2-1/2"]
[WhiteElo "2283"]
[BlackElo "2340"]

1.e4 e6 2.d4 d5 3.Nd2 Be7 4.Ngf3 Nf6 5.Bd3 c5 6.exd5 Qxd5 7.dxc5 Qxc5 8.O-O O-O
9.b3 Nbd7 10.Bb2 b6 11.Nc4 Qc7 12.Nfe5 Nc5 13.Be2 Rd8 14.Qe1 Bb7 15.Bf3 Bxf3
16.Nxf3 Nce4 17.a4 Bc5 18.Nce5 Qb7 19.Nd3 Be7 20.Nfe5 Rac8 21.c4 Nc5 22.Nxc5 bxc5
23.Qe3 Rb8 24.Rab1 Nd7 25.Rfd1 Nxe5 26.Rxd8+ Rxd8 27.Bxe5  1/2-1/2

[Event "Russian Blitz Internet Cup Superfinal"]
[Site "chessassistantclub.com INT"]
[Date "2004.12.28"]
[Round "5"]
[White "Dobrov,V"]
[Black "Shipov,S"]
[Result "0-1"]
[WhiteElo "2487"]
[BlackElo "2588"]

1.e4 e6 2.d4 d5 3.Nd2 Be7 4.Ngf3 Nf6 5.Bd3 c5 6.dxc5 dxe4 7.Nxe4 Nxe4 8.Bxe4 Qxd1+
9.Kxd1 Bxc5 10.Ke2 Nd7 11.Be3 Bxe3 12.Kxe3 Nc5 13.Rhd1 Ke7 14.Nd4 Nxe4 15.Kxe4 Bd7
16.f4 Rac8 17.c3 Rhd8 18.Rd2 f6 19.Re1 Kf7 20.Rde2 Rc5 21.Kf3 Re8 22.Rd2 Rd5
23.Kf2 e5 24.fxe5 Rdxe5 25.Rxe5 Rxe5 26.Nf3 Re7 27.Rd6 Ke8 28.a3 Re6 29.Rd2 g5
30.h3 Ke7 31.Nd4 Re5 32.Nf3 Re4 33.g4 h5 34.gxh5 Bxh3 35.Kg3 Bf5 36.Rd4 Kf7
37.Rd5 Be6 38.Rxg5 Re3 39.Rc5 Kg7 40.Kf4 Rd3 41.Nd4 Bh3 42.Rc7+ Kh6 43.Rxb7 Rd2
44.b4 Rd3 45.Rxa7 Rxc3 46.Ra6 Kxh5 47.b5 Rc4 48.Ke3 Kg5 49.Rc6 Ra4 50.Rc3 f5
51.b6 f4+ 52.Ke4 Bg2+ 53.Ke5 Ra5+ 54.Ke6 Kg4 55.Nc6 Rb5 56.Ne5+ Kg5 57.Nd7 f3
58.a4 f2 59.axb5 f1=Q 60.Nc5 Qxb5 61.Kd6 Qxb6+ 62.Ke5 Qc7+ 63.Kd4 Qf4+ 64.Kd3 Qd6+
65.Kc4 Bd5+ 66.Kd4 Bf7+ 67.Ke4 Qd5+ 68.Ke3 Bg6 69.Nd3 Qe6+ 70.Kd4 Qf6+ 71.Ne5 Bf5
72.Rg3+ Kh4 73.Rf3 Qd6+  0-1

[Event "Stepchev Memorial"]
[Site "Kiev UKR"]
[Date "2004.12.29"]
[Round "9"]
[White "Moiseev,Ig"]
[Black "Galinsky,T"]
[Result "1-0"]
[WhiteElo "2349"]
[BlackElo "2416"]

1.e4 e6 2.d4 d5 3.Nd2 Nc6 4.Ngf3 Nf6 5.e5 Nd7 6.c3 f6 7.Bb5 fxe5 8.dxe5 a6
9.Bxc6 bxc6 10.O-O c5 11.Qa4 Bb7 12.Nb3 Rb8 13.Bg5 Qc8 14.Qg4 Nb6 15.Be3 Nc4
16.Bxc5 Nxb2 17.Bxf8 Kxf8 18.Nc5 g6 19.Ng5 Ke8 20.Ngxe6 Rg8 21.Qh4 h5  1-0

[Event "1st GM"]
[Site "Mataro ESP"]
[Date "2004.12.30"]
[Round "5"]
[White "Tissir,M"]
[Black "Narciso Dublan,M"]
[Result "0-1"]
[WhiteElo "2394"]
[BlackElo "2487"]

1.e4 e6 2.d4 d5 3.Nd2 Be7 4.Bd3 c5 5.dxc5 Nf6 6.Qe2 O-O 7.Ngf3 a5 8.e5 Nfd7
9.h4 h6 10.g4 Nxc5 11.Nf1 Nxd3+ 12.cxd3 b6 13.Ng3 Ba6 14.Nh5 Nd7 15.Be3 d4
16.Bf4 Nc5 17.Rd1 Qd5 18.g5 Rfc8 19.gxh6 Nxd3+ 20.Rxd3 Qb5 21.Rg1 g6 22.Nf6+ Bxf6
23.exf6 Qf5 24.Ng5 Ra7 25.Qe4 Qxe4+ 26.Nxe4 Bxd3 27.Ng5 Rc5 28.Kd2 Ba6 29.Bd6  0-1

[Event "Gibraltar Masters"]
[Site "Caleta ENG"]
[Date "2005.01.02"]
[Round "9"]
[White "Patterson,Ro"]
[Black "Hassan,Ab"]
[Result "1/2-1/2"]
[WhiteElo "2195"]
[BlackElo "2357"]

1.e4 e6 2.d4 d5 3.Nd2 Be7 4.Ngf3 Nf6 5.exd5 exd5 6.Bd3 Bg4 7.O-O O-O 8.c3 Nbd7
9.Qb3 c5 10.Qxb7 c4 11.Bb1 Nb6 12.Qa6 Nfd7 13.b4 g6 14.Ne5 Nxe5 15.dxe5 f6
16.e6 Bxe6 17.Nf3 Bd6 18.Be3 Qb8 19.Bc5 Bg4 20.Bxd6 Qxd6 21.Nd4 Rfe8 22.Bc2 Re5
23.Bd1 Bf5 24.Ba4 Bc8 25.Qa5 Nxa4 26.Qxa4 Bd7 27.Qa5 Rh5 28.f4 Bf5  1/2-1/2

[Event "3rd Platonov Mem"]
[Site "Kiev UKR"]
[Date "2005.01.05"]
[Round "2"]
[White "Moliboga,V"]
[Black "Kruppa,Y"]
[Result "0-1"]
[WhiteElo "2314"]
[BlackElo "2553"]

1.e4 e6 2.d4 d5 3.Nd2 Nc6 4.Ngf3 Nf6 5.e5 Nd7 6.c3 f6 7.exf6 Qxf6 8.Be2 e5
9.dxe5 Ndxe5 10.Nxe5 Nxe5 11.Nf3 c6 12.Nxe5 Qxe5 13.O-O Bd6 14.Bh5+ Kd8 15.g3 Bh3
16.Re1 Qf5 17.Be3 Rf8 18.f4 Kc7 19.Bf3 g5 20.g4 Qf7 21.f5 h5 22.Bxg5 hxg4
23.Bxg4 Qh7 24.f6 Rg8 25.Qd2 Rxg5 26.Qxg5 Rg8 27.Qd2 Rxg4+ 28.Kh1 Bg2+ 29.Qxg2 Rxg2
30.Kxg2 Qxh2+ 31.Kf3 Qf4+ 32.Ke2 Qc4+ 33.Kf3 Qf4+ 34.Ke2 Qe4+ 35.Kf2 Bc5+
36.Kg3 Qg6+  0-1

[Event "3rd Platonov Mem"]
[Site "Kiev UKR"]
[Date "2005.01.07"]
[Round "4"]
[White "Moliboga,V"]
[Black "Vysochin,S"]
[Result "0-1"]
[WhiteElo "2314"]
[BlackElo "2579"]

1.e4 e6 2.d4 d5 3.Nd2 Nc6 4.Ngf3 Nf6 5.e5 Nd7 6.Be2 Be7 7.Nf1 O-O 8.Ne3 f6
9.exf6 Nxf6 10.O-O Bd6 11.b3 b6 12.Bb2 Ne7 13.c4 Bb7 14.Rc1 c5 15.Ng5 Qd7
16.Ng4 Bf4 17.h4 Bxc1 18.Qxc1 h6 19.Nxf6+ Rxf6 20.Nf3 cxd4 21.Bxd4 Rff8 22.Rd1 Nf5
23.Bb2 Rad8 24.Ne5 Qe8 25.g3 dxc4 26.Bxc4 Nd6 27.Bd3 Be4 28.Be2 Nf5 29.Bc4 Bd5
30.Be2 Rc8 31.Qb1 Rc7 32.h5 Qa8 33.Ng6 Rfc8 34.Re1 Rf7 35.Nf4 Qc6 36.Bd3 Qd7
37.Ng6 Qd8 38.Nf4 Qg5 39.Nxe6 Qxh5 40.Re4 Qf3 41.Nf4 Nxg3 42.fxg3 Qxg3+ 43.Ng2 Rf2
44.Bf1 Rxf1+ 45.Qxf1 Bxe4 46.Qe2 Qxg2+  0-1

[Event "ch-FENACH"]
[Site "Santiago CHI"]
[Date "2005.01.07"]
[Round "7"]
[White "Sepulveda,Jor"]
[Black "Riffo,E"]
[Result "0-1"]
[WhiteElo "2270"]
[BlackElo "2299"]

1.e4 e6 2.d4 d5 3.Nd2 Be7 4.e5 Nh6 5.Bd3 c5 6.c3 cxd4 7.cxd4 Nc6 8.Ne2 Qb6
9.Nf3 f5 10.exf6 Bxf6 11.Bxh6 gxh6 12.Qd2 Qb4 13.Nc3 Nxd4 14.Nxd4 Qxd4 15.O-O O-O
16.Rad1 Qh4 17.g3 Qg5 18.f4 Qg7 19.Bc2 Bd8 20.Kg2 Bd7 21.h3 Rc8 22.f5 Bc7
23.Qe3 exf5 24.Bb3 f4 25.Qf3 Kh8 26.Bxd5 fxg3 27.Qd3 Rf2+ 28.Rxf2 gxf2+ 29.Kxf2 Qe5
30.Ne2 Rf8+ 31.Ke1 Ba5+ 32.Rd2 Qxb2  0-1

[Event "3rd Platonov Mem"]
[Site "Kiev UKR"]
[Date "2005.01.09"]
[Round "6"]
[White "Pavlov,S2"]
[Black "Vysochin,S"]
[Result "1/2-1/2"]
[WhiteElo "2368"]
[BlackElo "2579"]

1.e4 e6 2.d4 d5 3.Nd2 Be7 4.Bd3 c5 5.dxc5 Nd7 6.exd5 exd5 7.b4 a5 8.a3 axb4
9.Bb2 bxa3 10.Bxg7 Bf6 11.Bxh8 Bxh8 12.Ra2 Nxc5 13.Ne2 Ne7 14.O-O Bb2 15.Bb5+ Kf8
16.Nc4 Bd7 17.Nxb2 Bxb5 18.Nd3  1/2-1/2

[Event "XXX Open"]
[Site "Seville ESP"]
[Date "2005.01.14"]
[Round "8"]
[White "Barrenechea Bahamonde,G"]
[Black "Barria,D"]
[Result "0-1"]
[WhiteElo "2134"]
[BlackElo "2347"]

1.e4 e6 2.d4 d5 3.Nd2 Nc6 4.Ngf3 Nf6 5.e5 Nd7 6.Bb5 a6 7.Bxc6 bxc6 8.O-O c5
9.c4 Bb7 10.a3 a5 11.Qa4 Ra6 12.cxd5 Bxd5 13.dxc5 Bxc5 14.Qg4 O-O 15.Ne4 f5
16.exf6 Nxf6 17.Nxf6+ Qxf6 18.Qg5 Qxg5 19.Bxg5 Bxf3 20.gxf3 Rxf3 21.Rac1 Rf5
22.Be3 Bd6 23.Kg2 Kf7 24.Rfd1 Ke7 25.Rc4 Kd7 26.Rh4 h5 27.Rf4 g6 28.Kh3 Rc6
29.Rxf5 exf5 30.Rd5 a4 31.Ra5 Rc4 32.Kg2 Ke6 33.Bd2 g5 34.Bc3 Rg4+ 35.Kf1 Bxh2
36.Ra8 Bd6 37.Rh8 h4 38.f3 Rg3 39.Kf2 Bc5+ 40.Ke2 h3 41.Re8+ Kd7  0-1

[Event "TCh-SWE Elitserien 2004-5"]
[Site "Sweden SWE"]
[Date "2005.01.15"]
[Round "6"]
[White "Winsnes,R"]
[Black "Johnson,Bj"]
[Result "1-0"]
[WhiteElo "2394"]
[BlackElo "2216"]

1.e4 e6 2.d4 d5 3.Nd2 Nc6 4.Ngf3 Nf6 5.e5 Ng4 6.Be2 f6 7.h3 Nh6 8.Nf1 Nf7
9.exf6 Qxf6 10.Ne3 Bd6 11.O-O Bd7 12.c4 dxc4 13.Nxc4 Be7 14.Be3 g5 15.Nce5 Nfxe5
16.Nxe5 O-O-O 17.Rc1 Be8 18.Qc2 Bd6 19.Nc4 Bf8 20.Na5 Qg7 21.Nxb7 Kxb7 22.Qb3+ Ka8
23.Qxe6 Bd7 24.Qc4 Rb8 25.d5 Ne5 26.Qxc7 Rb7 27.Qd8+ Rb8 28.Qa5 Rb7 29.Ba6 Rb8
30.Rc7  1-0

[Event "TCh-BEL 2004-5"]
[Site "Belgium BEL"]
[Date "2005.01.16"]
[Round "7"]
[White "Eismont,O"]
[Black "Wemmers,X"]
[Result "0-1"]
[WhiteElo "2430"]
[BlackElo "2366"]

1.e4 e6 2.d4 d5 3.Nd2 Be7 4.Ngf3 Nf6 5.exd5 exd5 6.Bd3 O-O 7.O-O Bg4 8.c3 Nc6
9.Re1 Qd7 10.Nf1 Rae8 11.h3 Bh5 12.Ng3 Bd6 13.Nxh5 Nxh5 14.Ne5 Bxe5 15.dxe5 g6
16.Bh6 Ng7 17.f4 f5 18.Bc4 Rd8 19.Bb3 Rfe8 20.Bg5 Ne7 21.c4 c6 22.cxd5 cxd5
23.Qf3 Ne6 24.Bxe7 Qxe7 25.Rad1 Kh8 26.g3 Qc5+ 27.Qf2 Qa5 28.Kh2 Re7 29.Qd2 Qb5
30.Qd3 Qa5 31.Qc3 Qb6 32.Qe3 Qa5 33.Re2 d4 34.Qf2 d3 35.Red2 Nc5 36.Qe3 Qb4
37.Bc2 Red7 38.Bb1 b6 39.g4 Ne4  0-1

[Event "ch-Kiev"]
[Site "Kiev UKR"]
[Date "2005.01.16"]
[Round "2"]
[White "Solomaha,A"]
[Black "Dzhangirov,D"]
[Result "1/2-1/2"]
[WhiteElo "2384"]
[BlackElo "2253"]

1.e4 e6 2.d4 d5 3.Nd2 Nc6 4.Ngf3 Nf6 5.e5 Ne4 6.c3 Nxd2 7.Nxd2 b6 8.Bd3 Bb7
9.O-O Qd7 10.f4 g6 11.Nf3 h5 12.Be3 Ne7 13.Bf2 Nf5 14.h3 Be7 15.g4 Ng7 16.Qe1 O-O-O
17.Bh4 Bxh4 18.Nxh4 hxg4 19.hxg4 Qe7 20.Nf3 Rh3 21.Kg2 Rdh8 22.b4 Kb8 23.Qf2 Bc6
24.a4 Ne8 25.a5 f5 26.g5 Qh7 27.Rg1 Qh5 28.Qe3 Qh7  1/2-1/2